|
|
|
|
| LEADER |
00000nam a22000007a 4500 |
| 005 |
2012070907467.0 |
| 007 |
cr|||| |||| |
| 008 |
120709c20109999co |||| s|||| 0|||a1spa d |
| 022 |
|
|
|a 2011-1711
|
| 035 |
|
|
|a 6441
|
| 040 |
|
|
|a vLex
|
| 090 |
|
|
|c 3277
|d 3277
|
| 245 |
0 |
0 |
|a Revista Vniversitas
|h [Recurso electrn̤ico]
|
| 256 |
|
|
|a Servicio en ln̕ea
|
| 260 |
|
|
|a Bogot ̀:
|b Pontificia Universidad Javeriana de Cali,
|c 200? -
|
| 300 |
|
|
|a 1 recurso electrn̤ico
|
| 310 |
|
|
|a Semestral
|
| 362 |
|
|
|a Nm︢. 1 (200?) -
|
| 506 |
1 |
|
|a Contenido solo disponible en los productos indicados
|d vLex Global
|d vLex Global (Academic Edition, excluding Law Schools)
|d vLex Global (U.S. Academic Edition, Law Schools)
|d vLex Global (U.S. Academic Edition, excluding Law Schools)
|d vLex Global (Academic Edition, Law Schools)
|
| 650 |
0 |
4 |
|a Derecho
|z Colombia
|
| 740 |
0 |
|
|a vLex Revistas (Servicio en ln̕ea)
|
| 856 |
4 |
0 |
|u http://vlex.com/source/revista-vniversitas-6441
|z Acceso restringido
|
| 942 |
|
|
|c REV
|
| 999 |
0 |
|
|a Law
|